the aautobiography of Martin Luther King, Jr. (Record no. 20720)
[ view plain ]
| 000 -LEADER | |
|---|---|
| fixed length control field | 00332nam a22001337a 4500 |
| 020 ## - INTERNATIONAL STANDARD BOOK NUMBER | |
| ISBN | 978-0-349-11298-5 |
| 082 ## - DEWEY DECIMAL CLASSIFICATION NUMBER | |
| Classification number | 922.4 CAR |
| 100 ## - MAIN ENTRY--AUTHOR NAME | |
| Author name | Carson, Clayborne |
| 245 ## - TITLE STATEMENT | |
| Title | the aautobiography of Martin Luther King, Jr. |
| 260 ## - PUBLICATION, DISTRIBUTION, ETC. (IMPRINT) | |
| Place of publication | U.S.A |
| Name of publisher | Abacus |
| Year of publication | 1999 |
| -- | 2000 |
| 300 ## - PHYSICAL DESCRIPTION | |
| Number of Pages | 400 |
| 650 ## - SUBJECT ADDED ENTRY--TOPICAL TERM | |
| Topical Term | Martin Luther-Biography |
| 942 ## - ADDED ENTRY ELEMENTS (KOHA) | |
| Koha item type | Books |
| Home library | Current library | Date acquired | Source of acquisition | Cost, normal purchase price | Full call number | Accession Number | Koha item type |
|---|---|---|---|---|---|---|---|
| Henry Martyn Institute Library | Henry Martyn Institute Library | 11/07/2017 | amazon | 975.00 | 922.4 CAR | 25391 | Books |
